[Event "ESP-ch U16"]
[Site "Padron"]
[Date "2008.07.22"]
[Round "4"]
[White "Moral Garcia, Serafin"]
[Black "Castellanos Mendoza, David"]
[Result "1-0"]
[WhiteElo "1948"]
[BlackElo "2073"]
[PlyCount "49"]
[EventDate "2008.07.20"]
[EventType "swiss"]
[EventRounds "9"]
[EventCountry "ESP"]
[SourceTitle "EXT 2010"]
[Source "ChessBase"]
[SourceDate "2010.11.25"]
[SourceVersion "1"]
[SourceVersionDate "2010.11.25"]
[SourceQuality "1"]

1. e4 c5 2. Nf3 Nc6 3. Bb5 g6 4. 0-0 Bg7 5. Re1 e5 6. Bxc6 dxc6 7. d3 f6 8. a3 Qe7 9. c3 Bg4 10. b4 cxb4 11. axb4 Nh6 12. h3 Bxf3 13. Qxf3 0-0 14. Be3 b6 15. Qe2 Rad8 16. Na3 Rd7 17. Nc4 Rfd8 18. Red1 Nf7 19. f3 Nd6 20. d4 Nb5 21. Na3 exd4 22. Nxb5 d3 23. Qa2+ Kh8 24. Nd4 Rc7 25. Ne6 1-0

[Event "Extremadura-ch"]
[Site "Badajoz"]
[Date "2007.06.10"]
[Round "7"]
[White "Aguado Solana, Juan"]
[Black "Castellanos Mendoza, David"]
[Result "1-0"]
[WhiteElo "2040"]
[BlackElo "1717"]
[PlyCount "51"]
[EventDate "2007.06.02"]
[EventType "swiss"]
[EventRounds "7"]
[EventCountry "ESP"]
[SourceTitle "EXT 2008"]
[Source "ChessBase"]
[SourceDate "2007.11.25"]
[SourceVersion "1"]
[SourceVersionDate "2007.11.25"]
[SourceQuality "1"]

1. d4 d5 2. c4 dxc4 3. Nc3 e5 4. Nf3 exd4 5. Qxd4 Qxd4 6. Nxd4 c6 7. Bf4 Bc5 8. 0-0-0 b5 9. Ne4 Bxd4 10. Nd6+ Kf8 11. Nxc8 Na6 12. Rxd4 Rxc8 13. Rd7 Ra8 14. g3 Ke8 15. Rd6 Rd8 16. Rxc6 Nb4 17. Rc7 Nxa2+ 18. Kb1 Nb4 19. Rxa7 Nd5 20. Bg2 Nge7 21. Rb7 Ng6 22. Bd2 Nge7 23. Ba5 Rc8 24. Rd1 Nf6 25. Bb4 Ng6 26. Bc6+ 1-0

[Event "Extremadura-ch"]
[Site "Badajoz"]
[Date "2007.06.09"]
[Round "6"]
[White "Castellanos Mendoza, David"]
[Black "Portalo Calero, Francisco"]
[Result "1/2-1/2"]
[WhiteElo "1717"]
[BlackElo "1967"]
[PlyCount "46"]
[EventDate "2007.06.02"]
[EventType "swiss"]
[EventRounds "7"]
[EventCountry "ESP"]
[SourceTitle "EXT 2008"]
[Source "ChessBase"]
[SourceDate "2007.11.25"]
[SourceVersion "1"]
[SourceVersionDate "2007.11.25"]
[SourceQuality "1"]

1. e4 c5 2. Nf3 Nc6 3. d4 cxd4 4. Nxd4 Nf6 5. Nc3 e5 6. Ndb5 d6 7. Bg5 a6 8. Na3 b5 9. Bxf6 gxf6 10. Nd5 Bg7 11. c3 f5 12. exf5 Bxf5 13. Nc2 0-0 14. Nce3 Be6 15. Bd3 f5 16. Bc2 f4 17. Qh5 h6 18. Qg6 Re8 19. Qh7+ Kf8 20. Nf5 Bxf5 21. Qxf5+ Kg8 22. Qh7+ Kf8 23. Qf5+ Kg8 1/2-1/2

[Event "Extremadura-ch"]
[Site "Badajoz"]
[Date "2007.06.09"]
[Round "5"]
[White "Gomez Romero, Jesus Manuel"]
[Black "Castellanos Mendoza, David"]
[Result "0-1"]
[WhiteElo "1931"]
[BlackElo "1717"]
[PlyCount "48"]
[EventDate "2007.06.02"]
[EventType "swiss"]
[EventRounds "7"]
[EventCountry "ESP"]
[SourceTitle "EXT 2008"]
[Source "ChessBase"]
[SourceDate "2007.11.25"]
[SourceVersion "1"]
[SourceVersionDate "2007.11.25"]
[SourceQuality "1"]

1. e4 d5 2. exd5 Nf6 3. d4 Nxd5 4. Nf3 e6 5. c4 Nf6 6. Nc3 Bb4 7. Bd2 c5 8. dxc5 Bxc5 9. Bg5 Nbd7 10. Ne4 Qa5+ 11. Bd2 Bb4 12. Nd6+ Ke7 13. Nb5 Ne4 14. Bd3 Ndc5 15. Bxe4 Nxe4 16. Qc2 Nxd2 17. Nxd2 Rd8 18. 0-0-0 Qxa2 19. Nb3 Bd7 20. Nc3 Bxc3 21. Qxc3 Ba4 22. Qxg7 Rg8 23. Qd4 Qxb3 24. Qh4+ Ke8 0-1